| 000 | 00543cam a22002171 4500 | ||
|---|---|---|---|
| 001 | ne 68000297 | ||
| 003 | DLC | ||
| 005 | 20260227111837.0 | ||
| 008 | 890321q1966 xx ab 000 0 ara | ||
| 010 | _ane 68000297 | ||
| 035 | _a(OCoLC)23483850 | ||
| 040 |
_aDLC _cMiU _dDLC |
||
| 042 | _apremarc | ||
| 050 | 0 | 0 |
_aJX4143 _b.J3 |
| 100 | 2 |
_aJahān-namā, Ibrāhīm, _d1935- |
|
| 245 | 1 | 0 | _aFalāt-i qārrah. |
| 260 | _c[1966 or 7] 1345 | ||
| 300 |
_a280 p. _billus., maps. _c24 cm. |
||
| 500 | _aRomanized. | ||
| 650 | 0 | _aContinental shelf | |
| 999 |
_c49985 _d49985 |
||